| 000 | 00711nam a2200217 i 4500 | ||
|---|---|---|---|
| 001 | 175498 | ||
| 003 | ES-MaACL | ||
| 005 | 20230906215834.0 | ||
| 007 | t| | ||
| 008 | 101102s1983 sp f r ||||1| spa d | ||
| 020 | _a84-300-8919-5 | ||
| 080 | _a821.134.2-2"19" | ||
| 100 | 1 |
_aCampos García, Jesús. _934271 |
|
| 245 | 1 | 0 |
_a7.000 gallinas y un camello _b: premio Lope de Vega del Exmo. Ayuntamiento de Madrid / _cde Jesús Campos García. |
| 260 |
_a[S. l. ] : _bJesús Campos García, _cD. L. 1983. |
||
| 300 |
_a111, [12] p. de lám. ; _c18 cm. |
||
| 490 | 1 |
_aLa avispa. Teatro ; _v2 |
|
| 830 | 0 |
_aLa avispa. Teatro ; _v2 _9189783 |
|
| 852 |
_aES-MaACL _j2264-F-3 _xOlim P-269 |
||
| 999 |
_c175498 _d175498 |
||